LDR 01309naa#a2200157#i#450# 001 RU\\bibl\19751 005 20260603085109.3 100 ## _a20260601b2026####ek#y0rusy0150####ca 102 ## _aRU 200 1# _aРЕКРЕАЦИОННАЯ НАГРУЗКА ОСОБО ОХРАНЯЕМЫХ ПРИРОДНЫХ ТЕРРИТОРИЙ _eСтатья/тезисы конференции 210 1# _aВоронеж _cВоронежский государственный лесотехнический университет имени Г.Ф. Морозова _d2026 215 ## _a5 с. 608 ## _aСтатья/тезисы конференции _2local 675 ## _aПрирода. Изучение и охрана природы. Охрана растительного и животного мира, охрана ландшафтов. Комплексные исследования, охватывающие вопросы разделов 502 и 504, классифицируются в 504. 502 _aЗаповедники, национальные парки, резерваты и другие охраняемые природные территории (акватории) в целом и управление ими. 502.4 _aОрганизация досуга. 379.8 _z 700 #1 _aВолошина _gО. В. 856 4# _abibl.vgltu.ru _u